000 00497nam a2200193Ia 4500
003 GCL
008 140319s9999 xx 000 0 eng d
040 _aGCL /
_cGCL
082 0 4 _a658.406
_bG M
100 1 _aGRAVES, PAUL
245 1 0 _aMANAGING AN EFFECTIVE OPERATION /
_cGRAVES, PAUL
700 1 _aFOWLER, EDDIE
260 _a[S.N] :
_bBUTTERWORTH HEINEMANN ،
_c1995
300 _a210 P
650 0 4 _aORGANIZATION
650 0 4 _aMANAGEMENT
650 0 4 _aMANAGING CHANGE
942 _2ddc
_cBK
999 _c13885
_d13885